01926 a2200193 4500001000500000005001700005008004100022003001500063040004000078080008600118245006000204020001800264264010600282300002600388505115600414100002001570700002701590856011501617377020260407155430.0260407a2003 arg spa dAR-UNSa-BCEJYS aAR-UNSa-BCEJYSbspacAR-UNSa-BCEJYS a321xFormas de la organización política. Los estados como poderes políticos10aDel contrato social o principios del derecho político a950-527-908-6 1aBuenos Aires :bUniversidad de Buenos Aires. Facultad de Derecho. Departamento de Publicacionesc2003 axxviii, 86 p.c24 cm. aLIBRO PRIMERO: 1. Materia del primer libro - 2. De las primeras sociedades - 3. Del derecho del más fuerte - 4. De la esclavitud - 5. Que siempre es necesario, subir a una primera convención - 6. Del pacto social - 7. Del soberano - 8. Del estado civil - 9. Del dominio real - LIBRO SEGUNDO: 1. Que la soberanía es inalienable 2. Que la soberanía es indivisible - 3. Si la voluntad general puede errar 4. De los límites del poder soberano - 5. Del derecho de vida y muerte - 6. De la ley - 7. Del legislador - 8. Del pueblo - 9. Continuación - 10. Continuación - 11. De los diversos sistemas de legislación - 12. División de leyes - LIBRO TERCERO: 1. Del gobierno en general - 2. Del principio que constituye las diversas formas del gobierno - 3. División de los gobiernos - 4. De la democracia - 5. De la Aristocracia - 6. De la Monarquía - 7. De los gobiernos mixtos - 8. Que toda forma de gobierno no conviene a todos los países - 9. De las señales de un buen gobierno - 10. De los abusos del gobierno, y de su propensión a degenerar - 11. De la muerte del cuerpo político - 12. Como se mantiene la autoridad soberana.1 aMoreno, Mariano1 aRousseau, Jean-Jacques41uhttps://biblioeco.unsa.edu.ar/pmb/images/libros/Del Contrato Social-l117905.jpgyImagen de portadaqimage/jpeg